De como um golpe militar pode começar um processo revolucionário ou a História de Portugal que nós escrevemos hoje (Registo nº 199137)

Detalhes MARC
000 -Etiqueta do registo
Valores 00574nam 22001933 4500
021 ## - Número do Depósito Legal
Código do país Portugal
100 ## - Dados gerais de processamento
Dados gerais 20251119d u||y0pory50 ba
101 ## - Língua de publicação
Língua Português
102 ## - País de publicação
País Portugal
200 ## - Titulo e menção de responsabilidade
Título próprio De como um golpe militar pode começar um processo revolucionário ou a História de Portugal que nós escrevemos hoje
Primeira menção de responsabilidade Sérgio Ribeiro
210 ## - Publicação
Local de publicação Lisboa
Nome do editor Prelo
Data de publicação 1975
215 ## - Descrição física 
Paginação / Volumes 53, [3] p.
Outras indicações físicas brochado
Dimensões 19 cm
225 ## - Colecção 
Título próprio da colecção Documentos
Indicação de volume 25
700 ## - Autor principal (pessoa individual)
ID Autoridade 12283
Apelido Ribeiro
Nome Sérgio
Datas 1935 - 2024
801 ## - Fonte de origem
País PT
Agência BMMN
Regras de catalogação RPC
830 ## - Notas gerais do catalogador
Criado por Ana
Indexado por Ana
990 ## - Elementos KOHA
Tipo de documento Livro
Exemplares
Situação do levantamento Biblioteca de origem Código de barras Cota Permissão de empréstimo Tipo de documento Forma de aquisição
  Biblioteca Municipal de Montemor-o-Novo 27896 33 RIB|DEP   Livro Compra

Powered by Koha